[Event "Manaus op 2nd"]
[Site "Manaus"]
[Date "2023.10.14"]
[Round "6"]
[White "Lopes, Jefferson"]
[Black "Carvalho, Rhianna Pietra Agui"]
[Result "1-0"]
[WhiteElo "1810"]
[BlackElo "1755"]
[PlyCount "79"]
[EventDate "2023.10.11"]
[EventType "swiss"]
[EventRounds "9"]
[EventCountry "BRA"]
[SourceTitle "CBM 216 Extra"]
[Source "ChessBase"]
[SourceDate "2023.11.30"]
[SourceVersion "1"]
[SourceVersionDate "2023.11.30"]
[SourceQuality "1"]

1. e4 e5 2. Nf3 Nc6 3. Bc4 Bc5 4. d3 Nf6 5. c3 0-0 6. 0-0 d6 7. h3 Be6 8. Bb5 Qd7 9. Ng5 a6 10. Ba4 b5 11. Nxe6 fxe6 12. Bb3 d5 13. Qe2 dxe4 14. dxe4 Rad8 15. Nd2 Qe7 16. Nf3 h6 17. Bc2 Nh5 18. Nxe5 Nxe5 19. Qxh5 Qf6 20. Qe2 Bxf2+ 21. Rxf2 Qxf2+ 22. Qxf2 Rxf2 23. Kxf2 Rf8+ 24. Kg1 g5 25. b3 Kg7 26. Be3 Kg6 27. Rf1 Rxf1+ 28. Kxf1 g4 29. Bd4 gxh3 30. Bxe5 hxg2+ 31. Kxg2 c5 32. a4 Kf7 33. axb5 axb5 34. Bd6 c4 35. bxc4 bxc4 36. e5 h5 37. Kh3 Kg7 38. Kh4 Kf7 39. Kxh5 Kg7 40. Bd1 1-0

[Event "Manaus op 2nd"]
[Site "Manaus"]
[Date "2023.10.11"]
[Round "1"]
[White "Da Paz, Leonardo Gadelha"]
[Black "Lopes, Jefferson"]
[Result "1-0"]
[WhiteElo "1964"]
[BlackElo "1810"]
[PlyCount "41"]
[EventDate "2023.10.11"]
[EventType "swiss"]
[EventRounds "9"]
[EventCountry "BRA"]
[SourceTitle "CBM 216 Extra"]
[Source "ChessBase"]
[SourceDate "2023.11.30"]
[SourceVersion "1"]
[SourceVersionDate "2023.11.30"]
[SourceQuality "1"]

1. e4 c5 2. Nf3 d6 3. d4 cxd4 4. Nxd4 Nf6 5. Nc3 g6 6. f4 Bg7 7. e5 dxe5 8. fxe5 Ng8 9. Bb5+ Bd7 10. e6 fxe6 11. Nxe6 Bxc3+ 12. bxc3 Qb6 13. Bxd7+ Nxd7 14. Qe2 Ngf6 15. Ba3 Nd5 16. Rd1 N7f6 17. Bc5 Qa5 18. 0-0 b6 19. Bd4 Nxc3 20. Nc7+ Kd8 21. Qc4 1-0